Franz Mayer (Record no. 664)
[ view plain ]
| 000 -CABECERA | |
|---|---|
| campo de control de longitud fija | 01525nam a2200373 a 4500 |
| 001 - NÚMERO DE CONTROL | |
| campo de control | BRCA_767 |
| 005 - FECHA Y HORA DE LA ÚLTIMA TRANSACCIÓN | |
| campo de control | 20190320203137.0 |
| 008 - DATOS DE LONGITUD FIJA--INFORMACIÓN GENERAL | |
| campo de control de longitud fija | 950504s1995 mx-a---##b---#000-0dspa-d |
| 020 ## - NÚMERO INTERNACIONAL ESTÁNDAR DEL LIBRO | |
| Número Internacional Estándar del Libro | 968653329X |
| 020 ## - NÚMERO INTERNACIONAL ESTÁNDAR DEL LIBRO | |
| Número Internacional Estándar del Libro | 9686533702 (2a ed.) |
| 040 ## - FUENTE DE LA CATALOGACIÓN | |
| Centro catalogador/agencia de origen | DLC |
| Centro/agencia transcriptor | DLC |
| 041 ## - CÓDIGO DE LENGUA | |
| Código de lengua del texto/banda sonora o título independiente | spaeng |
| 050 #4 - SIGNATURA TOPOGRÁFICA DE LA BIBLIOTECA DEL CONGRESO | |
| Número de clasificación | NK844 |
| Número de documento/Ítem | .U86 2 1995 |
| 245 10 - MENCIÓN DE TÍTULO | |
| Título | Franz Mayer |
| Resto del título | Fotógrafo |
| Mención de responsabilidad, etc. | Alberto Ruy Sánchez, José Antonio Rodríguez, Erika Billeter. |
| 260 ## - PUBLICACIÓN, DISTRIBUCIÓN, ETC. | |
| Lugar de publicación, distribución, etc. | México |
| Nombre del editor, distribuidor, etc. | Museo Franz Mayer : Artes de México |
| Fecha de publicación, distribución, etc. | 1995 |
| 300 ## - DESCRIPCIÓN FÍSICA | |
| Extensión | 83 p. |
| Otras características físicas | il. |
| Dimensiones | 23 cm. |
| 440 #0 - MENCIÓN DE SERIE/PUNTO DE ACCESO ADICIONAL--TÍTULO | |
| Título | Colección Uso y estilo |
| Designación de volumen o secuencia | 2 |
| 9 (RLIN) | 2544 |
| 500 ## - NOTA GENERAL | |
| Nota general | Incluye catálogo de la exposición |
| 500 ## - NOTA GENERAL | |
| Nota general | Los ejemplares 4 y 5 incluyen invitación |
| 500 ## - NOTA GENERAL | |
| Nota general | Los ejemplares 1 y 3 son 2a ed. de 1998 |
| 500 ## - NOTA GENERAL | |
| Nota general | Catálogo de la exposición realizada en el Museo Franz Mayer (Ciudad de México), 8 marzo - 28 mayo, 1995 |
| 500 ## - NOTA GENERAL | |
| Nota general | Primeros 2 ejemplares en Biblioteca, 3er ejemplar en el Área de Investigación, 4to y 5to en Oficina Jefatura |
| 500 ## - NOTA GENERAL | |
| Nota general | Estado físico: el 5to ejemplar fue encuadernado, enero 2016 |
| 546 ## - NOTA DE LENGUA/LENGUAJE | |
| Nota de lengua/lenguaje | Texto en : español e inglés |
| 600 14 - PUNTO DE ACCESO ADICIONAL DE MATERIA--NOMBRE DE PERSONA | |
| Nombre de persona | Mayer, Franz |
| Fechas asociadas al nombre | 1882-1975 |
| 9 (RLIN) | 2545 |
| 650 14 - PUNTO DE ACCESO ADICIONAL DE MATERIA--TÉRMINO DE MATERIA | |
| Término de materia o nombre geográfico como elemento de entrada | Fotografía panorámica |
| Subdivisión geográfica | México |
| 9 (RLIN) | 2546 |
| 650 14 - PUNTO DE ACCESO ADICIONAL DE MATERIA--TÉRMINO DE MATERIA | |
| Término de materia o nombre geográfico como elemento de entrada | Fotografía artística |
| 9 (RLIN) | 2547 |
| 650 14 - PUNTO DE ACCESO ADICIONAL DE MATERIA--TÉRMINO DE MATERIA | |
| Término de materia o nombre geográfico como elemento de entrada | Fotografía |
| Subdivisión general | Historia |
| Subdivisión cronológica | Siglo XX |
| Subdivisión geográfica | México |
| 9 (RLIN) | 2548 |
| 700 1# - PUNTO DE ACCESO ADICIONAL--NOMBRE DE PERSONA | |
| Nombre de persona | Billeter, Erika |
| Fechas asociadas al nombre | 1927- |
| 9 (RLIN) | 2549 |
| 700 1# - PUNTO DE ACCESO ADICIONAL--NOMBRE DE PERSONA | |
| Nombre de persona | Ruy Sánchez, Alberto |
| 9 (RLIN) | 2550 |
| 700 1# - PUNTO DE ACCESO ADICIONAL--NOMBRE DE PERSONA | |
| Nombre de persona | Rodríguez, José Antonio |
| 9 (RLIN) | 2455 |
| 710 2# - PUNTO DE ACCESO ADICIONAL--NOMBRE DE ENTIDAD CORPORATIVA | |
| Nombre de entidad corporativa o nombre de jurisdicción como elemento de entrada | Museo Franz Mayer (Ciudad de México) |
| 9 (RLIN) | 2266 |
| 942 ## - ELEMENTOS DE PUNTO DE ACCESO ADICIONAL (KOHA) | |
| Fuente del sistema de clasificación o colocación | Library of Congress Classification |
| Tipo de ítem Koha | Libros |
| Estado de retiro | Estado de pérdida | Estado dañado | No para préstamo | Código de colección | Localización permanente | Ubicación/localización actual | Fecha de adquisición | Total de préstamos | Signatura topográfica completa | Código de barras | Fecha visto por última vez | Precio válido a partir de | Tipo de ítem Koha |
|---|---|---|---|---|---|---|---|---|---|---|---|---|---|
| El ejemplar forma parte de la colección y puede ser consultado según las políticas vigentes. | Acervo General | Biblioteca del Museo Franz Mayer (Rogerio Casas-Alatriste) | Biblioteca del Museo Franz Mayer (Rogerio Casas-Alatriste) | 30/08/2012 | NK844 .U86 2 1995 | 00666 | 22/03/2019 | 22/03/2019 | Libros | ||||
| El ejemplar forma parte de la colección y puede ser consultado según las políticas vigentes. | Biblioteca del Museo Franz Mayer (Rogerio Casas-Alatriste) | Biblioteca del Museo Franz Mayer (Rogerio Casas-Alatriste) | 26/06/2008 | NK844 .U86 2 1995 | 01171 | 22/03/2019 | 22/03/2019 | Libros | |||||
| El ejemplar forma parte de la colección y puede ser consultado según las políticas vigentes. | Acervo General | Biblioteca del Museo Franz Mayer (Rogerio Casas-Alatriste) | Biblioteca del Museo Franz Mayer (Rogerio Casas-Alatriste) | 19/10/2010 | NK844 .U86 2 1995 | 01172 | 22/03/2019 | 22/03/2019 | Libros | ||||
| El ejemplar forma parte de la colección y puede ser consultado según las políticas vigentes. | Acervo General | Biblioteca del Museo Franz Mayer (Rogerio Casas-Alatriste) | Biblioteca del Museo Franz Mayer (Rogerio Casas-Alatriste) | 02/02/2012 | NK844 .U86 2 1995 | 02593 | 22/03/2019 | 22/03/2019 | Libros | ||||
| El ejemplar forma parte de la colección y puede ser consultado según las políticas vigentes. | Acervo General | Biblioteca del Museo Franz Mayer (Rogerio Casas-Alatriste) | Biblioteca del Museo Franz Mayer (Rogerio Casas-Alatriste) | 20/01/2016 | NK844 .U86 2 1995 | 02908 | 22/03/2019 | 22/03/2019 | Libros |